K některým problémům postavení filozofických kategorií nutnosti a nahodilosti v ekonomické teorii.
História filozofického nazerania na náhodu. Aristotelovský, descartovský a moderný typ racionality. Matematický prístup k pojmom nutnosť, náhoda a neurčitosť. Fázy novej vednej disciplíny "risk management" (analýza rizika, ovládanie rizika, jeho kontrola a financovanie).
Salvato in:
| Autore principale: | |
|---|---|
| Natura: | Capitolo di libro |
| Lingua: | ceco |
| Soggetti: | |
| Tags: |
Nessun Tag, puoi essere il primo ad aggiungerne!!
|
MARC
| LEADER | 00000naa a2200000 4500 | ||
|---|---|---|---|
| 001 | r006882 | ||
| 005 | 20221125075727.9 | ||
| 041 | 0 | |a cze | |
| 044 | |a [CS] | ||
| 245 | 1 | 0 | |a K některým problémům postavení filozofických kategorií nutnosti a nahodilosti v ekonomické teorii. |c Jaroslav Daňhel |
| 520 | |a História filozofického nazerania na náhodu. Aristotelovský, descartovský a moderný typ racionality. Matematický prístup k pojmom nutnosť, náhoda a neurčitosť. Fázy novej vednej disciplíny "risk management" (analýza rizika, ovládanie rizika, jeho kontrola a financovanie). | ||
| 610 | 2 | 0 | |a teórie ekonomické |
| 610 | 2 | 0 | |a filozofia |
| 610 | 2 | 0 | |a riziko |
| 610 | 2 | 0 | |a racionalita |
| 610 | 2 | 0 | |a manažment |
| 610 | 2 | 0 | |a risk management |
| 100 | 1 | |a Daňhel, Jaroslav | |